| 000 | 00669nam a2200241 a 4500 | ||
|---|---|---|---|
| 999 |
_c5840 _d5840 |
||
| 001 | 5840 | ||
| 003 | BD-JhCC | ||
| 005 | 20180724134013.0 | ||
| 008 | 171227s20142015b a|||| || | 000 0 eng d | ||
| 020 | _a9789843376770 | ||
| 035 | _a(BD-JhCC)5840 | ||
| 040 |
_aBD-JhCC _dBD-JhCC |
||
| 041 | _aeng | ||
| 082 |
_bISL 2015 _a540 |
||
| 100 | _aIslam, MD. Rabiul, | ||
| 245 |
_aChemistry First Paper for Classes XI & XII / _cMD. Rabiul Islam and Gagi MD. Ahsanul Kabir, |
||
| 260 |
_aDhaka : _bAbacus Publications, _c2015. |
||
| 300 |
_a415 P. : _bill. ; _c24 cm. |
||
| 650 | _aChemistry | ||
| 700 | _aKabir, Gagi MD. Ahsanul | ||
| 942 |
_2ddc _cBK _02 |
||